[Event "Bundesliga 0506"]
[Site "Germany"]
[Date "2005.11.12"]
[Round "3.1"]
[White "Erenburg, Sergey"]
[Black "Vogt, Lothar"]
[Result "1-0"]
[WhiteElo "2582"]
[BlackElo "2484"]
[Annotator "Erenburg,S"]
[PlyCount "55"]
[EventDate "2005.10.21"]
[EventType "team-tourn"]
[EventRounds "15"]
[EventCountry "GER"]
[SourceTitle "CBM 110"]
[Source "ChessBase"]
[SourceDate "2006.01.31"]
[SourceVersion "1"]
[SourceVersionDate "2006.01.31"]
[SourceQuality "1"]
[WhiteTeam "Katernberg"]
[BlackTeam "Leipzig Gohlis"]
[WhiteTeamCountry "GER"]
[BlackTeamCountry "GER"]

1. e4 c5 2. Nf3 Nc6 3. d4 cxd4 4. Nxd4 g6 5. c4 {White's main idea in this
theoretical line is to get a space advantage.} Nf6 6. Nc3 d6 7. Be2 Nxd4 8.
Qxd4 Bg7 9. O-O {First of all, white completes the development of his kingside,
afterware, white's queen will be moved from long diagonal to e3. Other
possibilities are:} (9. Be3 Be6 10. Rc1 Qa5 11. f3 O-O 12. Qd2 Rfc8 13. b3 a6
14. Na4 Qxd2+ 15. Kxd2 Nd7 16. g4 f5 {A very popular position in the Maroczy
system. White has to make his choice.} 17. exf5 (17. gxf5 $5 {Despite the very
good results this line there remains in a shadow of 17.exf5.} gxf5 18. Rhg1 Kh8
19. Bd3 Ne5 $6 20. Rxg7 $1 Kxg7 21. Bd4 $1 Rf8 $6 22. f4 $1 fxe4 23. fxe5 exd3
24. exd6+ Kf7 25. Rf1+ Ke8 26. Re1 Rf4 27. Rxe6 Rxd4 28. Nb6 Rd8 29. Rxe7+ Kf8
30. c5 $18 {1-0 Vaganian,R-Ponomariov,R, Calvia ol(Men) 2004/CBM104
[Mikhalevski,V].}) 17... gxf5 18. h3 Rf8 19. f4 Rad8 20. Nc3 d5 21. cxd5 Nf6
22. Rhg1 $5 {Leitao's novelty.} Nxd5 23. Nxd5 Bxd5 24. Ke1 $1 $14 {1/2-1/2
Dominguez,L-Ivanchuk,V/Havana 2005/CBM 107/[Mikhalevski,V] (45)}) (9. Bg5 O-O
10. Qd2 a5 {This is a rare move in this particular position. Usually Black
plays 10...Be6.} 11. f3 $146 {Strange enough, but this position did not appear
in practice before.} (11. O-O a4 12. Bd3 Qa5 13. Rae1 Kh8 14. Qc1 Re8 15. Kh1
Be6 16. Nd5 Nd7 17. f4 Nc5 18. Bb1 Bxd5 19. exd5 e6 $132 {1/2-1/2
Mastrovasilis,D-Inarkiev,E/Goa 2002/CBM ext 91 (65)}) (11. Rd1 Be6 12. Qe3 Nd7
13. O-O a4 14. Rd2 Re8 15. Nb5 Qa5 16. b3 axb3 17. axb3 Nc5 $15 {0-1
Shinkevich,V-Inarkiev,E/Kazan 2001/EXT 2002 (29)}) (11. Rc1 a4 12. O-O Qa5 13.
f3 Bd7 14. Rc2 Rfe8 15. Rb1 Bc6 16. b4 axb3 17. axb3 Qb4 18. Qc1 Ra3 $11 {
'1/2-1/2 Von Bahr,O-Faibisovich,V/Sweden 1999/EXT 2002 (23)'} 19. Na2 Qa5 20.
Nc3 Qb4 $11 {1/2-1/2 Von Bahr,O-Faibisovich,V/Sweden 1999/EXT 2002 (23)}) 11...
a4 12. Rc1 Be6 13. Rc2 $5 {A bit misterious move. On the one hand - White
using his advantage in space to afford himself such subtle moves, on the other
hand - what was wrong with the immediate castle?} Re8 14. Nb5 Bd7 15. O-O Bc6
16. Rd1 $14 {1-0 Yemelin,V-Pigusov,E/Rethymnon 2003/CBM 98/[Postny,E] (53)})
9... O-O 10. Qe3 {White moved away the queen from the unpleasant opposition
with Black's dark-squared bishop. It should be noted, that white's queen
covers the improtant b6 square.} Qb6 {Probably, the most principled
continuation. Black disturbs white to complete the development of the
queenside and tries to force White to take on b6, that will open the a-file
for Black's queenside rook. Black tried also:} (10... Be6 11. Bd2 Qb6 ({
Interesting also} 11... a6 $5) ({but not} 11... Nd7 $143 $6 $14 {[%cal Gd7c5,
Gd7e5]}) ({or} 11... Ng4 $143 $6 $14 {[%cal Gg4e5]}) 12. Qxb6 (12. b3 Qxe3 13.
Bxe3 Rfc8 (13... Bd7 14. Rac1 Rfc8 15. Rfd1 Bc6 16. f3 a5 (16... Kf8 17. Kf2 b6
$5 (17... a5 18. c5 dxc5 19. Bxc5 Bh6 20. Be3 Bxe3+ 21. Kxe3 e5 22. Na4 Bxa4
23. bxa4 Ke7 24. Rxc8 Rxc8 25. Rb1 $14 {1-0 Totsky,L-Isupov,V/Orel 1992/EXT 97
(37)})) 17. Kf2 Nd7 18. Rc2 Rc7 19. Rdd2 Rac8 20. Kf1 Kf8 (20... b5 21. cxb5
Bxc3 22. Rxc3 Bxb5 23. Rxc7 Bxe2+ 24. Kxe2 Rxc7 25. Kd1 $14) 21. Ke1 Be5 $1 (
21... b5 $2 22. Nd5 $1 (22. cxb5 Bxb5) 22... Bxd5 23. Rxd5 $14 {1-0 Petrosian,
T-Browne,W/Nice 1974/EXT 2000/ (41)}) 22. g3 Nc5 $132) (13... Nd7 14. Rac1 Nc5
15. f4 a5 16. Rfe1 Rfe8 17. Bf1 {1/2-1/2 Ivkov,B-Jansa,V/La Valetta 1980/EXT
2000 (17)}) 14. Rac1 Nd7 (14... a6 15. f3 (15. Na4 Rc6 16. Nb6 Re8 17. f3 Nd7
18. Nd5 Nc5 19. Rfd1 Kf8 20. Kf2 h6 21. h4 Rec8 22. Nb4 R6c7 23. Nd5 Rc6 24. g3
$14 {1/2-1/2 Bach,E-Schmenger,F/Germany 1998/GER-chT2 (34)}) 15... Nd7 16. f4
f5 17. exf5 gxf5 18. Bf3 Rc7 19. Rfe1 $16 {1-0 Keres,P-Hug,W/Petropolis 1973/
IZT (39)}) (14... Kf8 15. f3 Nd7 16. Nb5 a5 17. Nd4 {1/2-1/2 Balashov,
Y-Vokarev,S/Omsk/Perm 1998/EXT 2000 (17)}) 15. Nd5 Kf8 16. Nf4 Nc5 17. Nxe6+
fxe6 18. f3 a5 $132 {1/2-1/2 Savon,V-Tukmakov,V/Moscow 1973/URS-ch (41)}) (12.
Rab1 Rfc8 13. b3 Qxe3 14. Bxe3 a6 15. Nd5 Nxd5 16. cxd5 Bd7 $11 {1/2-1/2
Sherzer,A-Brendel,O/Eger 1988/EXT 2000 (24)}) 12... axb6 13. a4 {This move
seems best in this position. Other continuations lead to good counterplay of
Black:} (13. Rfc1 Rfc8 14. b3 Nd7 {1/2-1/2 Bobotsov,M-Damjanovic,M/Reggio
Emilia 1966/EXT 2000 (14)}) (13. f3 Nd7 14. b3 Ra3 $1 $15 {[%csl Ra1][%cal
Gf8a8,Gg7a1]} (14... Rfc8 $6 15. a4 Nc5 (15... Bd4+ 16. Kh1 Nc5 17. Rab1 $14)
16. Rab1 Kf8 17. g3 Ke8 18. Kg2 h5 19. Bd1 Kd7 20. Bc2 $14 {1-0 Boensch,
U-Schwartz,B/Stralsund 1975/EXT 2000 (40)}) (14... b5 $5 15. cxb5 Rfc8 16. Rfc1
Bxb3 17. axb3 Rxa1 18. Rxa1 Bxc3 19. Bxc3 Rxc3 20. Ra7 Rc7 21. Bc4 e6 $15)) (
13. f4 Rfc8 14. b3 b5 15. cxb5 (15. f5 Bd7 $132 {0-1 Nilsson,N-Schmied,A/
Copenhagen 1997/EXT 2000 (30)}) 15... Nxe4 16. Nxe4 Bd4+ 17. Kh1 Bxa1 18. Rxa1
Rc2 19. a4 Bf5 20. Bd3 Bxe4 21. Bxe4 (21. Bxc2 Bxc2 22. a5 Bxb3 $44) 21... Rxd2
22. Bxb7 Ra5 $44 (22... Rb8 23. Bc6 $16 {1-0 Hausner,I-Tichy,V/Marianske Lazne
1978/MCD (28)})) (13. Be3 $6 Rfc8 14. b3 Nd7 15. Rfc1 b5 $1 $17 {0-1
Dragomarezkij,E-Neverov,V/Moscow 1990/EXT 2000 (31)}) 13... Nd7 {After this
move White has to sacrifice a P:} ({Black here was able to equalize after} 
13... Rfc8 $5 14. b3 $1 (14. Nd5 $2 Nxd5 $1 (14... Bxd5 15. exd5 Ne4 $132) 15.
exd5 (15. cxd5 Bd7 16. Be3 Rxa4 17. Rxa4 Bxa4 $17) 15... Bd7 16. Ra2 Rxa4 $15)
14... b5 $1 15. e5 $1 dxe5 16. Nxb5 Ne4 17. Bb4 Nc5 $132) 14. Ra3 (14. Ra3 Nc5
15. Rfa1 ({Or} 15. f3 Bxc3 16. Bxc3 Nxa4 17. Bd4 Nc5 18. Rfa1 Rxa3 19. Rxa3 Rc8
20. Ra7 $44) 15... Bxc3 $1 (15... Rfc8 $6 16. f3 $14) 16. Bxc3 Nxe4 17. Bd4 $44
Rfc8 (17... Nc5 18. a5 Rxa5 (18... bxa5 19. b4 Na6 20. Rxa5 Rac8 21. b5 Nb4 22.
Rc1 Ra8 23. Rca1 Rxa5 24. Rxa5 Rc8 25. Bc3 $16 {[%csl Rb4]}) 19. b4 Rxa3 20.
Rxa3 Nd7 21. Ra7 Rc8 22. Rxb7 Bxc4 23. Rxd7 Bxe2 24. f3 $44) 18. Re3 Bxc4 19.
Rxe4 Bxe2 20. Bc3 {The opponent coloured- BB are the decisive factor of the
evaluation of this position: White has sufficient compensation for the
material lack .} Bb5 21. Rxe7 Bxa4 22. Rxb7 Bc6 23. Rba7 Rxa7 24. Rxa7 g5 25.
f3 h6 26. Kf2 b5 $44) 14... Nc5 15. Rfa1 ({Or} 15. f3 Bxc3 16. Bxc3 Nxa4 17.
Bd4 Nc5 18. Rfa1 Rxa3 19. Rxa3 Rc8 20. Ra7 $44) 15... Bxc3 $1 (15... Rfc8 $6
16. f3 $14) 16. Bxc3 Nxe4 17. Bd4 $44 {1/2-1/2 Morozevich,A-Topalov,V/Wijk aan
Zee 2001/CBM 081/[Tsesarsky] (26)}) ({Worth a consideration:} 10... Nd7 {
[%cal Gd7c5] in some games played in 1967-1969 years Black reached good
position by:} 11. Bd2 (11. Kh1 Nc5 12. f4 Bxc3 13. bxc3 f5 $132 {[%csl Rc3,Rc4]
1/2-1/2 Smyslov,V-Furman,S/URS 1967/MCD (47)}) 11... Nc5 (11... a5 12. Rad1 Nc5
13. b3 Bd7 14. Nd5 e6 15. Nc3 Bc6 16. Be1 $132 {1/2-1/2 Gelfand,B-Pigusov,E/
Sverdlovsk 1987/TD (40)}) 12. Rac1 (12. Rad1 Bd7 13. Be1 (13. b4 Na4 $11 (13...
Ne6 14. Nd5 Nd4 15. Bc3 Nxe2+ 16. Qxe2 Bxc3 17. Nxc3 Rc8 18. Nd5 $11 {1-0
Gheorghiu,F-Martin Gonzalez,A/Torremolinos 1974/EXT 99 (20)})) 13... b6 14. f4
Na4 15. b3 Nxc3 16. Bxc3 Bxc3 17. Qxc3 Qc7 18. Qg3 Qc5+ 19. Kh1 Bc6 $11 {
0-1 Geller,E-Ostojic,P/Belgrade 1969/MCD (28)}) 12... Bd7 (12... a5 13. b3 Bd7
14. Bd1 Bc6 15. Bc2 e5 (15... e6 $132) 16. Rcd1 $14 {1/2-1/2 Matulovic,M-Parma,
B/Sarajevo 1969/MCL (41)}) 13. Rfd1 Bc6 14. f3 f5 15. exf5 gxf5 16. f4 Qb6 17.
b3 Ne4 $11 {0-1 Adamski,J-Furman,S/Polanica Zdroj 1967/MCD (40)}) (10... a6 11.
Bd2 (11. Rd1 $5 Bd7 12. c5 Qc7 13. cxd6 exd6 14. Qg3 Rfe8 $132) 11... Bd7 12.
Rfd1 Bc6 13. b4 b6 14. Rab1 Nd7 15. h4 $5 b5 16. a3 bxc4 17. Bxc4 Ne5 18. Bb3 (
18. Be2 f5 $1 19. exf5 gxf5 20. Qg3 (20. f4 $2 Ng4 21. Qe6+ Kh8 22. Bxg4 fxg4
23. Qxg4 $2 Rg8 $19) 20... Kh8 $132) 18... Bb7 19. h5 $2 (19. Qe2 $14) 19...
gxh5 20. Qh3 Bc8 $1 21. Qg3 Bg4 22. f3 Be6 23. Nd5 Bxd5 $1 {This eliminates
the powerful knight and replaces it with a less useful bishop.} 24. Bxd5 Qb6+
25. Kh2 (25. Qf2 $2 Nxf3+ 26. gxf3 Bd4 $19) 25... Rac8 $13 {1-0 Salov,
V-Dzindzichashvili,R/New York 1996/CBM 052/[Salov] (49)}) 11. Qxb6 $146 {
The position after Black's tenth move has already appeared in practice.
Another interesting detail is that my opponent has played it with the white
pieces!} (11. b3 $2 {blunders a pawn.} Nxe4 $1) ({Lothar Vogt has prefered to
move the queenside rook from a long diagonal:} 11. Rb1 {, but after} Be6 12. b3
Rfc8 13. Qxb6 axb6 14. Na4 Nd7 15. Be3 b5 {his position became unpleasant.} 16.
cxb5 Rc2 17. Bd1 Rxa2 18. f4 Ra5 $17 {0-1 Vogt,L-Schmenger,F/Schwaebisch
Gmuend 1998/CBM 062 ext (38)}) 11... axb6 12. Be3 {attacking Black's pawn on
b6.} Be6 {Black is preparing to put a serious pressure on White's queenside
pawns along the a2-g8 and h8-a1 diagonals and through the a- and c-file.} 13.
Bd4 $1 {covering the long diagonal} ({After} 13. Bxb6 {Black wins the pawn
back by} Nd7 14. Be3 Rfc8 $132) 13... Rac8 {attacking White's c4 pawn, and,
trying to weaken White's queenside.} (13... Nd7 14. Bxg7 Kxg7 15. f4 $14 {
[%cal Yg1f2,Yf2e3]}) (13... Rfc8 14. b3 b5 15. Nxb5 (15. cxb5 $2 Nxe4 $1 16.
Bxg7 Nxc3 $15) 15... Nxe4 16. Bxg7 Kxg7 17. Bf3 $16) 14. b3 b5 {Black decides
to change one of his doubled pawns for White's central pawn.} 15. Nxb5 (15.
cxb5 Nxe4 $15) 15... Nxe4 16. Bxg7 Kxg7 17. Rfc1 $1 $14 {The c1 square is
probably the best for White's rook, as it can support the advance of the
queenside pawns. In my opinion, White's position is slightly better, thanks to
Black's weak pawn b7. White is willing to locate his light-squared bishop on
the long diagonal and will push his queenside pawns forward.} (17. Bf3 $2 {
is met by} Nd2 18. Bxb7 Rb8 19. Rfd1 Nxc4 $132) (17. Rfe1 $6 Nc5 18. b4 $141 $2
Na4 19. Rec1 Nb2 $132) 17... Bd7 $6 {AN unsuccessful decision. Better was an
attempt to destroy White's pawn construction on the queenside by} (17... d5 $1
18. Bf3 Nf6 (18... f5 $5) 19. Nd4 (19. c5 Bd7) 19... b6 (19... dxc4 20. Nxe6+
fxe6 21. Rxc4 $16) 20. Nxe6+ fxe6 21. Rc2 dxc4 22. Rxc4 $14 (22. Rac1 cxb3 23.
Rxc8 b2 $11)) 18. Bf3 $1 $16 Bxb5 $6 (18... f5 19. Bxe4 fxe4 20. Nc3 $18) (
18... Bc6 19. Na7 $18) ({It was better to keep the bishop on the board:} 18...
Nc5 19. Rc3 $1 $16 {[%cal Ya1e1,Gb3b4]}) 19. cxb5 $18 {[%cal Ya2a4,Ya4a5,Ya6a7,
Ya5a6,Gb5a6] Now White is already winning. Nothing can stop the advance of his
queenside pawns.} ({Of course not} 19. Bxe4 $2 Bc6 $11) 19... f5 (19... Nc5 20.
b4 $18) (19... d5 20. a4 $18) (19... Nc3 20. a4 $18) 20. a4 Rxc1+ {Other
continuations lose as well:} (20... Nc5 21. Rc3 $18) (20... Kf6 21. a5 Ke5 22.
Rxc8 (22. a6 $2 Rxc1+ 23. Rxc1 bxa6 24. bxa6 Ra8 $13) 22... Rxc8 23. a6 bxa6
24. bxa6 Kd4 25. a7 Ra8 26. Kf1 $18) (20... d5 21. a5 d4 22. a6 bxa6 23. bxa6
d3 24. Rxc8 Rxc8 25. a7 Ra8 26. b4 $18) 21. Rxc1 {[%cal Gc1c7] threatening
with an invasion into Black's camp.} Nc5 {preventing White's rook invasion
into the 7-th rank and stopping White's queenside pawns.} 22. Rxc5 $1 dxc5 23.
Bxb7 $18 {Black is hopeless against white's pawns phalanx on the queenside.}
Rb8 ({Nothing changes} 23... Rd8 24. Kf1 $1 Rd3 25. a5 Rxb3 26. a6 Rxb5 (26...
c4 27. a7 c3 28. Ke2 $1 $18 (28. a8=Q $2 Rb1+ 29. Ke2 c2 30. Qe8 $11)) 27. a7
Rxb7 28. a8=Q Rb1+ 29. Ke2 Rb2+ 30. Kf3 Rb3+ 31. Kf4 $18) 24. Bc6 Rd8 25. Kf1 {
bringing the king to the centre, in order to stop Black's c-pawn.} Kf6 (25...
Rd3 26. a5 Rxb3 27. a6 Ra3 28. Bb7 $18 {[%cal Yb5b6,Ga6a7,Ga7a8]}) 26. a5 Rd1+
27. Ke2 Ra1 28. b6 1-0

[Event "Gausdal MI 9394"]
[Site "Gausdal"]
[Date "1993.??.??"]
[Round "7"]
[White "Ernst, Thomas"]
[Black "Bern, Ivar"]
[Result "1-0"]
[WhiteElo "2480"]
[BlackElo "2370"]
[Annotator "Ernst,T"]
[PlyCount "87"]
[EventDate "1993.12.??"]
[EventType "tourn"]
[EventRounds "9"]
[EventCountry "NOR"]
[EventCategory "9"]
[SourceTitle "CBM 040"]
[Source "ChessBase"]
[SourceDate "1994.06.01"]
[SourceVersion "1"]
[SourceVersionDate "1994.06.01"]
[SourceQuality "1"]

1. e4 c5 2. Nf3 Nc6 3. d4 cxd4 4. Nxd4 g6 5. c4 Nf6 6. Nc3 d6 7. Be2 Nxd4 8.
Qxd4 Bg7 9. Bg5 O-O 10. Qd2 a6 (10... Be6 11. Rc1 Qa5 12. f3 Rfc8 13. b3 a6 14.
Na4 $14) 11. Rc1 Be6 12. b3 Rc8 13. O-O $1 (13. f3 $2 b5 $1 14. cxb5 axb5 15.
Nxb5 Rxc1+ 16. Qxc1 Qa5+ 17. Qd2 Ra8 $1 $44 {Tukmakov-Vaganjan/37-181/1984/})
13... b5 14. cxb5 axb5 15. Bxf6 (15. Bxb5 $1 Qa5 16. Nd5 Qxb5 17. Nxe7+ Kh8 18.
Bxf6 Bxf6 19. Nxc8 Rxc8 20. Rxc8+ Bxc8 21. Qxd6 Kg7 22. Qd2 $1 $14 {Csom, /\
Rc1} (22. h3 Qg5 23. f4 Qg3 24. e5 Bh4 $13)) 15... Bxf6 16. Nxb5 Qb6 17. Qe3 $6
(17. Qb4 d5 $1 $14 {^^}) 17... Qxe3 18. fxe3 Bg5 19. Kf2 Rxc1 (19... f5 $6 20.
Rxc8 Bxc8 21. Bc4+ Kg7 22. Ke2 $16) 20. Rxc1 f5 $1 21. e5 $8 f4 (21... dxe5 $2
22. Bc4 $16) 22. exd6 fxe3+ 23. Ke1 exd6 (23... Rf2 24. Nd4 $18) 24. Nxd6 Rf2 (
24... Be7 $1 25. Bc4 Bxc4 26. Nxc4 Bb4+ 27. Ke2 Rf2+ 28. Kxe3 Rxa2 $44) 25. Ne4
Rxg2 (25... Bf4 $2 26. g3 Bh6 27. Rc6 Bd7 28. Rc7 $18) 26. Nxg5 Rxg5 27. Bf1
$14 Rg1 28. Ke2 Bh3 $2 (28... Rh1 29. Kxe3 Rxh2 30. Ra1 $10 Bf7) 29. a4 $16
Bxf1+ 30. Rxf1 Rg2+ 31. Kxe3 Rxh2 (31... Rb2 $1 32. Kd4 Rxb3 33. Kc4 Rb8 34. a5
Ra8 35. Ra1 Kf7 36. a6 g5 37. a7 $16) 32. b4 Ra2 33. a5 Rb2 $1 {Forces the
white rook to the fourth rank.} 34. Rf4 g5 (34... h5 35. a6 g5 36. Rc4 $18) 35.
Rc4 Ra2 (35... Kf7 36. a6 Ke6 37. Rc8 Ra2 38. b5 $18) 36. Rc7 g4 37. Kf4 h5 38.
b5 Ra4+ 39. Kg3 Ra3+ 40. Kh4 Rh3+ 41. Kg5 g3 42. Kg6 Kf8 43. Kf6 Ke8 44. Rg7
1-0

[Event "Capablanca Memorial-B"]
[Site "Matanzas"]
[Date "1994.??.??"]
[Round "7"]
[White "Rodriguez Cespedes, Amador"]
[Black "Antunes, Antonio"]
[Result "1-0"]
[WhiteElo "2470"]
[BlackElo "2465"]
[Annotator "Ernst,T"]
[PlyCount "131"]
[EventDate "1994.??.??"]
[EventType "tourn"]
[EventRounds "13"]
[EventCountry "CUB"]
[EventCategory "8"]
[SourceTitle "CBM 043"]
[Source "ChessBase"]
[SourceDate "1994.12.01"]
[SourceVersion "1"]
[SourceVersionDate "1994.12.01"]
[SourceQuality "1"]

1. e4 c5 2. Nf3 Nc6 3. d4 cxd4 4. Nxd4 g6 5. c4 Nf6 6. Nc3 d6 7. Be2 Nxd4 8.
Qxd4 Bg7 9. Be3 O-O 10. Qd2 Be6 11. Rc1 Qa5 12. f3 Rfc8 (12... a6 13. Nd5 Qxd2+
14. Kxd2 Bxd5 15. cxd5 $14 {Adams-Hodgson/Hastings/1991-92/}) 13. b3 a6 14. Na4
Qxd2+ 15. Kxd2 Nd7 16. g4 (16. Rc2 Kf8 17. g4 Rab8 18. Rhc1 Rd8 19. Ke1 b5 20.
cxb5 axb5 21. Nc3 b4 22. Nb5 d5 $10 {Kholmov,R-Pigusov,E/Sochi-A/1989/}) 16...
f5 17. exf5 gxf5 18. h3 $14 Rf8 19. f4 Rad8 (19... d5 20. cxd5 Bxd5 21. Rhd1
Rac8 22. gxf5 b5 23. Rxc8 Rxc8 24. Ke1 Bc6 25. Nc5 Nxc5 26. Bxc5 Bf6 27. b4 $16
{Beljavski-Tiviakov/Groningen/1993/}) 20. Nc3 d5 $6 21. gxf5 $1 Bxf5 22. cxd5
Nf6 23. Bb6 Rd7 24. Ke3 Rc8 25. Bf3 $14 e6 $1 26. Bd4 (26. dxe6 $4 Rd3+ $19)
26... exd5 (26... Nxd5+ 27. Nxd5 Rxc1 28. Rxc1 exd5 29. Rc8+ $16) 27. Rcg1 (27.
Bxf6 Bxf6 28. Nxd5 Re8+ $17) 27... Re8+ (27... Kh8 28. Rxg7 Kxg7 29. Nxd5 $16)
28. Kd2 Ne4+ $1 29. Bxe4 dxe4 30. Rxg7+ Rxg7 31. Bxg7 Rd8+ 32. Ke2 Kxg7 33. Nd1
Rd3 34. Ne3 Bd7 (34... Bg6 $10) 35. Rg1+ Kf7 36. Rg5 Bb5 37. Rf5+ Kg6 38. Rg5+
Kf7 39. Rf5+ Ke6 $2 (39... Kg6 40. Rg5+ Kf7 41. Rf5+ Kg6 $10) 40. Re5+ Kd7 $2
41. a4 Bc6 42. f5 $16 Rd6 (42... Rxb3 43. f6 Rb2+ 44. Ke1 Rb1+ 45. Kf2 Rb2+ 46.
Kg3 Re2 47. Nf5 $18) 43. Ng4 h5 44. Ne3 Kd8 45. h4 b5 46. axb5 axb5 (46...
Bxb5+ 47. Kf2 (47. Nc4 $2 Rd3 48. Rxe4 Rxb3 49. f6 Bxc4+ 50. Rxc4 Ke8 $10)
47... Rd2+ 48. Kg3 Rd3 49. Kf4 $16) 47. Kf2 Rd3 48. b4 Rd4 49. f6 Be8 50. Nf5
Rxb4 51. Nd6 Bg6 52. f7 Bxf7 53. Nxf7+ Kd7 54. Rxh5 $18 Ke6 55. Nd8+ Kf6 56.
Ke3 Rb1 57. Kxe4 b4 58. Rf5+ Kg6 59. Rg5+ Kf6 60. Rf5+ Kg6 61. h5+ Kh7 62. Nf7
b3 63. Kd4 Rc1 (63... b2 64. Kc3 $18) 64. Rb5 Rb1 65. Kc3 b2 66. Rf5 1-0